01221nab a22002417a 4500003000400000005001700004008004100021040001100062100002700073245012900100260007300229300001300302500015400315505011500469505008900584650002800673650002600701650002700727650002500754650002200779700003300801773014500834OSt20250218125043.0190603e xxum|||| |||| 00| 0 spa d cPJ-TDF aNegri, Nicolás Jorge10aInteligencia artificial. ¿Colapso del sistema maestro de responsabilidad civil? /cNicolás J. Negri , Pablo N. Guerreiro. cCiudad Autónoma de Buenos Aires :aThomson Reuters La Ley, b2024. ap. 57-74 aCita: TR LALEY AR/DOC/1979/2024. Publicado en: R.C.C. y C. 2024 (Septiembre-Octubre). EDICIÓN ESPECIAL: XXIX Jornadas Nacionales de Derecho Civil. aSumario: I. Introducción.— II. Nociones generales.— III. Derecho de daños.— IV. Reflexiones finales. t¿Te interesa el texto completo? Solicitalo al correo: koha@justierradelfuego.gov.ar 0aINTELIGENCIA ARTIFICIAL 0aRESPONSABILIDAD CIVIL 0aCIENCIA Y TECNOLOGÍA 0aDAÑOS Y PERJUICIOS 0aDERECHO COMPARADO aGuerreiro, Pablo N.ecoautor0 02713dCiudad Autónoma de Buenos Aires : Thomson Reuters La Ley, 2015-tRevista Código Civil y Comercial. Nº 5 - Septiembre-Octubre 2024